Normal view
MARC view
Entry Personal Name
001 - CONTROL NUMBER
- control field: 25076
003 - CONTROL NUMBER IDENTIFIER
- control field: ARRUPE
005 - DATE AND TIME OF LATEST TRANSACTION
- control field: 20160816111847.0
008 - FIXED-LENGTH DATA ELEMENTS
- fixed length control field: 160816|| aca||aabn | a|a d
040 ## - CATALOGING SOURCE
- Original cataloging agency: ARRUPE
- Transcribing agency: ARRUPE
100 ## - HEADING--PERSONAL NAME
- Personal name: Torrance, David Wishart
670 ## - SOURCE DATA FOUND
- Source citation: Work cat.: (ARRUPE)0: Gerrit, Scott Dawson ed. 25073, An introduction to Torrance theology :, 2007.